Dictionnaire de la pensée politique Hommes et idées.

Guardado en:
Detalles Bibliográficos
Autor principal: Brémond, Janine
Formato: Libro
Lenguaje:francés
Publicado: Paris Hatier 1989
Edición:1. éd.
Materias:
Etiquetas: Agregar Etiqueta
Sin Etiquetas, Sea el primero en etiquetar este registro!

MARC

LEADER 00000nam a2200000 4500
001 c001277
005 20221215130535.4
020 |a 2-218-02007-6 
041 0 |a fre 
044 |a FR 
245 1 0 |a Dictionnaire de la pensée politique  |b Hommes et idées.  |c Janine Brémond 
250 |a 1. éd. 
264 1 |a Paris  |b Hatier  |c 1989 
300 |a 853 s. 
610 2 0 |a teórie politické 
610 2 0 |a terminológia 
100 1 |a Brémond, Janine